Statistics for Top 20 Leicester City Goalscorers in the Premier League

Click here to take the quiz!

General Stats

  • This quiz has been taken 22 times
  • The average score is 10 of 20

Answer Stats

NPlayerNationalityGoals% Correct
2James MaddisonEnglish43
100%
1Jamie VardyEnglish136
100%
3Riyad MahrezAlgerian39
94%
4Harvey BarnesEnglish35
81%
7Kelechi IheanachoNigerian30
81%
10Youri TielemansBelgian18
81%
15Marc AlbrightonEnglish13
75%
10Leonardo UlloaArgentinian18
69%
20Patson DakaZambian9
69%
16Ayoze PérezSpanish12
50%
5Emile HeskeyEnglish33
38%
19Demarai GrayJamaican10
31%
8Tony CotteeEnglish27
25%
18Abe AkinbiyiNigerian11
19%
16Les FerdinandEnglish12
13%
9Matt ElliottScottish22
13%
14Paul DickovScottish15
13%
5Muzzy IssetTurkish33
6%
10Ian MarshallEnglish18
0%
13Steve ClardigeEnglish17
0%

Score Distribution

Percentile by Number Answered

Percent of People with Each Score

Your Score History

You have not taken this quiz